[Event "Championnat de Ligue Individuel"]
[Site "Vendin les Bethune"]
[Date "2010.??.??"]
[Round "1.5"]
[White "Barbaut, Michel"]
[Black "Lambert, Rene"]
[Result "1-0"]
[WhiteElo "2042"]
[BlackElo "1707"]
[PlyCount "93"]
[EventDate "2008.??.??"]
[EventType "swiss"]
[EventRounds "7"]
[EventCountry "FRA"]
[WhiteTeamCountry "FRA"]
[BlackTeamCountry "FRA"]

1. e4 d6 2. d4 g6 3. Nc3 Bg7 4. Bc4 Nf6 5. Qe2 e6 6. Bg5 Nc6 7. O-O-O Ne7 8. e5
Nd7 9. exd6 cxd6 10. Nf3 Nb6 11. Bd3 Qc7 12. Nb5 Qd8 13. Bf4 O-O 14. Nxd6 Nbd5
15. Bg3 Nf5 16. Nxf5 exf5 17. Qd2 Qb6 18. Rhe1 Be6 19. Kb1 Nb4 20. a3 Nxd3 21.
Qxd3 Rfd8 22. Bf4 Rac8 23. Be5 Bxe5 24. Rxe5 f4 25. Qb5 Qc7 26. Rd2 Bf5 27. Rc5
Qe7 28. Rxc8 Rxc8 29. Qe5 Qc7 30. Qxc7 Rxc7 31. b3 Be4 32. Ne1 g5 33. Kb2 Kf8
34. c4 Re7 35. Re2 f5 36. Kc3 g4 37. f3 Bc6 38. Rxe7 Kxe7 39. d5 Bd7 40. Kd4
Kf6 41. Nd3 Kg5 42. Ne5 Bc8 43. d6 Kh5 44. d7 Bxd7 45. Nxd7 Kh4 46. Ne5 g3 47.
h3 1-0

[Event "Open International d'Ambès 2010"]
[Site "Ambes"]
[Date "2010.??.??"]
[Round "7.21"]
[White "Barbot, Pierre"]
[Black "Boutant, Jade"]
[Result "1-0"]
[WhiteElo "1590"]
[BlackElo "1666"]
[PlyCount "56"]
[EventDate "2010.04.??"]
[EventType "swiss"]
[EventRounds "9"]
[EventCountry "FRA"]
[WhiteTeamCountry "FRA"]
[BlackTeamCountry "FRA"]

1. d4 d5 2. c4 c6 3. Nc3 Nf6 4. cxd5 cxd5 5. Bf4 a6 6. Nf3 Nc6 7. e3 Bf5 8. Bd3
Bxd3 9. Qxd3 e6 10. O-O Bd6 11. Bxd6 Qxd6 12. Na4 O-O 13. Qb3 Ne4 14. Rac1 Rab8
15. Rc2 f5 16. Nd2 Nf6 17. f4 g5 18. fxg5 Ng4 19. g3 e5 20. Nf3 exd4 21. Nxd4
Ne7 22. Nc5 Rf7 23. Qd3 Qg6 24. Nce6 Nc6 25. Rfc1 Nge5 26. Qb3 Ne7 27. Kg2 h6
28. Nf3 Qxg5 1-0

[Event "Open International d'Ambès 2010"]
[Site "Ambes"]
[Date "2010.??.??"]
[Round "7.8"]
[White "Barraud, Mickael"]
[Black "Banana, Adnanne"]
[Result "1-0"]
[WhiteElo "1881"]
[BlackElo "1717"]
[PlyCount "92"]
[EventDate "2010.04.??"]
[EventType "swiss"]
[EventRounds "9"]
[EventCountry "FRA"]
[WhiteTeamCountry "FRA"]
[BlackTeamCountry "FRA"]

1. e4 c5 2. c3 g6 3. d4 cxd4 4. cxd4 d5 5. e5 Nc6 6. Be3 Bg7 7. f4 e6 8. Nf3
Nge7 9. Be2 O-O 10. O-O Bd7 11. Nc3 a6 12. Rc1 b5 13. Qd2 Qb6 14. Nd1 Rfc8 15.
Nf2 Ra7 16. Nd3 Na5 17. b3 Rac7 18. Rxc7 Rxc7 19. Nc5 Nb7 20. b4 f6 21. a3 Nf5
22. g4 Ne7 23. Bd3 Be8 24. h4 fxe5 25. fxe5 Nc8 26. Bh6 Qc6 27. Bxg7 Rxg7 28.
Ng5 Nxc5 29. bxc5 h6 30. Nh3 Kh7 31. Rf6 Ne7 32. Nf4 Bf7 33. h5 Qc8 34. Rxf7
Rxf7 35. hxg6+ Nxg6 36. Bxg6+ Kg7 37. Bxf7 Kxf7 38. Nh5 Qg8 39. Qf4+ Ke7 40.
Kg2 a5 41. Kf3 Kd8 42. Qf6+ Kc7 43. Qg7+ Qxg7 44. Nxg7 b4 45. axb4 a4 46. Nxe6+
Kb8 1-0

[Event "Open International d'Ambès 2010"]
[Site "Ambes"]
[Date "2010.??.??"]
[Round "5.15"]
[White "Barraud, Mickael"]
[Black "Hui Bon Hoa, Edmond"]
[Result "1-0"]
[WhiteElo "1881"]
[BlackElo "1792"]
[PlyCount "91"]
[EventDate "2010.04.??"]
[EventType "swiss"]
[EventRounds "9"]
[EventCountry "FRA"]
[WhiteTeamCountry "FRA"]
[BlackTeamCountry "FRA"]

1. e4 e5 2. Nf3 Nc6 3. Bc4 Bc5 4. c3 d6 5. d4 exd4 6. cxd4 Bb4+ 7. Bd2 Bxd2+ 8.
Nbxd2 Bg4 9. Qb3 Qd7 10. Bxf7+ Ke7 11. Bxg8 Rhxg8 12. Rc1 Rab8 13. O-O Rgf8 14.
Rfe1 Bxf3 15. Nxf3 Qg4 16. d5 Na5 17. Qc3 Rbc8 18. Qxa5 Rxf3 19. Rxc7+ Rxc7 20.
Qxc7+ Kf6 21. Qxd6+ Kg5 22. Qe7+ Kg6 23. Qe6+ Qxe6 24. dxe6 Rd3 25. f4 Kf6 26.
Rc1 Kxe6 27. Rc7 Rd1+ 28. Kf2 Rd2+ 29. Kf3 Rxb2 30. Rxg7 Rxa2 31. Rxb7 Ra3+ 32.
Kg4 Ra4 33. Rxh7 Rxe4 34. Rxa7 Re2 35. f5+ Kf6 36. Ra6+ Kf7 37. Kf3 Re5 38. g4
Rb5 39. h4 Rb1 40. Kf4 Rb8 41. Ra7+ Kg8 42. Kg5 Rb6 43. h5 Rc6 44. h6 Rc4 45.
Kf6 Rb4 46. g5 1-0

[Event "Open International d'Ambès 2010"]
[Site "Ambes"]
[Date "2010.??.??"]
[Round "2.9"]
[White "Basso, Pierre Yves"]
[Black "Barraud, Mickael"]
[Result "1-0"]
[WhiteElo "1972"]
[BlackElo "1881"]
[PlyCount "58"]
[EventDate "2010.04.??"]
[EventType "swiss"]
[EventRounds "9"]
[EventCountry "FRA"]
[WhiteTeamCountry "FRA"]
[BlackTeamCountry "FRA"]

1. d4 Nf6 2. c4 g6 3. g3 Bg7 4. Bg2 d6 5. Nc3 Nbd7 6. Nf3 O-O 7. O-O e5 8. e4
Nh5 9. Be3 Nb6 10. b3 f5 11. exf5 Bxf5 12. Nh4 c6 13. Nxf5 gxf5 14. Qxh5 exd4
15. Bg5 Qe8 16. Qxe8 Rfxe8 17. Nd1 a5 18. Bf3 a4 19. Rb1 Nd7 20. Nb2 axb3 21.
axb3 Ne5 22. Bh5 Re6 23. Ra1 Rb8 24. Ra7 h6 25. Bd2 Nd7 26. Nd3 Nf6 27. Bd1 Ne4
28. Bf4 Nc3 29. Nc5 Re7 1-0

[Event "FRA T U 20"]
[Site "Mulhouse"]
[Date "2010.??.??"]
[Round "2.3"]
[White "Bayart, Jules"]
[Black "Bellahcene, Rayane"]
[Result "0-1"]
[WhiteElo "1835"]
[BlackElo "1809"]
[PlyCount "154"]
[EventDate "2010.??.??"]
[EventType "match"]
[EventCountry "FRA"]
[WhiteTeamCountry "FRA"]
[BlackTeamCountry "FRA"]

1. e4 c5 2. c3 e6 3. d4 b6 4. Bd3 Bb7 5. Bf4 d6 6. Nf3 Nf6 7. Nbd2 Nbd7 8. Qe2
Qc7 9. O-O Be7 10. Rac1 O-O 11. Bg3 Rac8 12. e5 Nh5 13. exd6 Nxg3 14. fxg3 Qxd6
15. Nc4 Qc7 16. Qc2 h6 17. Nce5 Nxe5 18. Nxe5 Bg5 19. Rce1 cxd4 20. Nf3 Bxf3
21. Rxf3 dxc3 22. Bh7+ Kh8 23. Rxc3 Qd7 24. Be4 Bd2 25. Rd3 Rxc2 26. Rxd7 Rxb2
27. Rd1 Be3+ 28. Kf1 Rxa2 29. Rb7 f5 30. Bf3 Bd2 31. Rd7 Bc3 32. Rc7 Bd2 33.
Rd7 Bg5 34. Rb7 Rd8 35. Rxd8+ Bxd8 36. Rb8 Rd2 37. Ke1 Rd6 38. Ke2 Kg8 39. Bh5
Kh7 40. Ke3 Bf6 41. Bf7 a5 42. h4 g6 43. Rb7 Bg7 44. Ra7 h5 45. Kf4 Rd4+ 46.
Ke3 Re4+ 47. Kf3 Kh6 48. Bg8 e5 49. Ra6 Rb4 50. Ra7 Rd4 51. Ke3 Rd6 52. Ra6 Rd8
53. Bf7 Rb8 54. Kf3 Bf8 55. Ra7 Bc5 56. Ra6 Rd8 57. Bc4 e4+ 58. Ke2 g5 59. Be6
f4 60. Bf5 Rf8 61. Bxe4 fxg3 62. hxg5+ Kxg5 63. Bf3 h4 64. Ra7 Kg6 65. Rc7 Re8+
66. Kf1 Bf2 67. Be2 Re5 68. Rc4 Rc5 69. Rxc5 Bxc5 70. Bb5 Kf5 71. Bc6 Ke5 72.
Ke2 Kd4 73. Kd2 Kc4 74. Bd7 Kb3 75. Be6+ Kb2 76. Bd7 a4 77. Ke2 a3 0-1

[Event "FRA T U 20"]
[Site "Mulhouse"]
[Date "2010.??.??"]
[Round "1.3"]
[White "Bayart, Jules"]
[Black "Viennot, Dylan"]
[Result "0-1"]
[WhiteElo "1835"]
[BlackElo "1939"]
[PlyCount "70"]
[EventDate "2010.??.??"]
[EventType "match"]
[EventCountry "FRA"]
[WhiteTeamCountry "FRA"]
[BlackTeamCountry "FRA"]

1. e4 c5 2. c3 d6 3. d4 Nf6 4. Bd3 e5 5. Nf3 Nbd7 6. O-O Be7 7. Re1 O-O 8. Nbd2
Qc7 9. Nf1 Re8 10. Ng3 Bf8 11. h3 g6 12. Be3 a6 13. Ng5 b5 14. f4 exd4 15. cxd4
Bb7 16. Rc1 h6 17. Nf3 Nxe4 18. Nxe4 Bxe4 19. Bxe4 Rxe4 20. dxc5 dxc5 21. Qd2
Rae8 22. Rcd1 Nb6 23. b3 c4 24. Ne5 Bc5 25. Ng4 Bxe3+ 26. Rxe3 Rxe3 27. Nxe3
Qc5 28. Re1 Nd5 29. Qxd5 Qxd5 30. Nxd5 Rxe1+ 31. Kf2 Ra1 32. bxc4 Rxa2+ 33. Kf3
bxc4 34. Nf6+ Kg7 35. Ne4 c3 0-1

[Event "FRA T U 20"]
[Site "Mulhouse"]
[Date "2010.??.??"]
[Round "3.5"]
[White "Bellahcene, Bilel"]
[Black "Devoille, Hugo"]
[Result "1-0"]
[WhiteElo "2010"]
[BlackElo "1691"]
[PlyCount "123"]
[EventDate "2010.??.??"]
[EventType "match"]
[EventCountry "FRA"]
[WhiteTeamCountry "FRA"]
[BlackTeamCountry "FRA"]

1. e4 c5 2. Nf3 e6 3. d4 cxd4 4. Nxd4 Nc6 5. Nc3 Qc7 6. Be3 a6 7. Qd2 Nf6 8. f3
Bb4 9. O-O-O b5 10. Nb3 Bb7 11. a3 Be7 12. Qf2 Rc8 13. Bc5 d6 14. Bb6 Qb8 15.
g4 Nd7 16. Be3 Nce5 17. Bd4 Bf6 18. g5 Bxg5+ 19. f4 Bh6 20. Rg1 Ng6 21. Kb1 e5
22. fxe5 dxe5 23. Ba7 Qc7 24. Bh3 Rd8 25. Rxd7 Rxd7 26. Bb6 Qc6 27. Bxd7+ Qxd7
28. Rd1 Qg4 29. Rd8+ Ke7 30. Qc5+ Kf6 31. Rxh8 Nxh8 32. Bd8+ Kg6 33. Qb6+ Kh5
34. Qxb7 Qg1+ 35. Ka2 Qxh2 36. Qxa6 Qxc2 37. Qxb5 Ng6 38. Qe2+ Qxe2 39. Nxe2
Nf4 40. Ng3+ Kg6 41. a4 Nd3 42. a5 Bg5 43. Bb6 h5 44. Nc5 Nb4+ 45. Kb3 Nc6 46.
a6 h4 47. Nh1 f5 48. a7 Nxa7 49. Bxa7 f4 50. Nd3 Bf6 51. Kc4 Kh5 52. b4 g5 53.
Bb8 g4 54. Nxf4+ exf4 55. Bxf4 Bg5 56. Bd6 Bd2 57. b5 Be1 58. b6 g3 59. Nxg3+
hxg3 60. b7 g2 61. b8=Q g1=Q 62. Qh8+ 1-0

[Event "FRA T U 20"]
[Site "Mulhouse"]
[Date "2010.??.??"]
[Round "1.5"]
[White "Bellahcene, Bilel"]
[Black "Zeitoun, Maxime"]
[Result "1-0"]
[WhiteElo "2010"]
[BlackElo "1590"]
[PlyCount "63"]
[EventDate "2010.??.??"]
[EventType "match"]
[EventCountry "FRA"]
[WhiteTeamCountry "FRA"]
[BlackTeamCountry "FRA"]

1. e4 e5 2. Nf3 d6 3. d4 exd4 4. Nxd4 Nf6 5. Nc3 Be7 6. Bd3 O-O 7. O-O Bg4 8.
f3 Bh5 9. Nf5 Bg6 10. Nxe7+ Qxe7 11. Bg5 c6 12. f4 h6 13. Bh4 Nbd7 14. Qf3 Rae8
15. Rae1 Kh8 16. h3 Bh7 17. e5 dxe5 18. Bxh7 Kxh7 19. fxe5 Nxe5 20. Qf5+ Kg8
21. Ne4 Qe6 22. Bxf6 Qxf5 23. Rxf5 Nd7 24. Bc3 g6 25. Nf6+ Nxf6 26. Rxf6 Rxe1+
27. Bxe1 Re8 28. Bc3 Re2 29. Rf2 Re6 30. Rd2 Kf8 31. Rd7 Re7 32. Bb4 1-0

[Event "FRA T U 20"]
[Site "Mulhouse"]
[Date "2010.??.??"]
[Round "1.3"]
[White "Bellahcene, Rayane"]
[Black "Kambrath, Yannick"]
[Result "0-1"]
[WhiteElo "1809"]
[BlackElo "1890"]
[PlyCount "138"]
[EventDate "2010.??.??"]
[EventType "match"]
[EventCountry "FRA"]
[WhiteTeamCountry "FRA"]
[BlackTeamCountry "FRA"]

1. e4 e5 2. Nf3 Nc6 3. d4 exd4 4. Nxd4 Bb4+ 5. c3 Bc5 6. Nf5 Qf6 7. Be3 Bxe3 8.
Nxe3 Nge7 9. Be2 O-O 10. O-O Qg6 11. Qc2 d6 12. f4 f5 13. exf5 Nxf5 14. Nxf5
Qxf5 15. Qxf5 Bxf5 16. g4 Be6 17. f5 Bd7 18. Bc4+ Kh8 19. Bb5 g6 20. fxg6 Rxf1+
21. Kxf1 Bxg4 22. gxh7 Rf8+ 23. Kg1 Ne5 24. Nd2 c6 25. Ba4 Nd3 26. Bc2 Nf4 27.
Re1 Bh3 28. Ne4 Bf5 29. Bb3 Re8 30. Bc2 d5 31. Rf1 Bxe4 32. Rxf4 Bxc2 33. Rf7
Rb8 34. Kf2 Bxh7 35. Ke3 a5 36. Kd4 b6 37. Rc7 Bg8 38. Rxc6 Kg7 39. b4 a4 40.
b5 a3 41. Rc7+ Kf6 42. Ra7 Rc8 43. Ra6 Rc4+ 44. Kd3 Bh7+ 45. Kd2 d4 46. Rxa3
Ke5 47. cxd4+ Kxd4 48. Rh3 Be4 49. a3 Rc2+ 50. Ke1 Rc3 51. Rh6 Ke3 52. Rd6 Rxa3
53. h4 Ra1+ 54. Rd1 Rxd1+ 55. Kxd1 Kd3 56. Kc1 Kc4 57. Kb2 Kxb5 58. Ka1 Ka4 59.
h5 b5 60. Kb2 b4 61. Ka1 b3 62. Kb2 Kb4 63. h6 Kc4 64. h7 Bxh7 65. Ka1 Bg6 66.
Kb2 Be8 67. Ka1 Kc3 68. Kb1 b2 69. Ka2 Bg6 0-1

[Event "FRA T U 20"]
[Site "Mulhouse"]
[Date "2010.??.??"]
[Round "3.3"]
[White "Bellahcene, Rayane"]
[Black "Viennot, Dylan"]
[Result "0-1"]
[WhiteElo "1809"]
[BlackElo "1939"]
[PlyCount "68"]
[EventDate "2010.??.??"]
[EventType "match"]
[EventCountry "FRA"]
[WhiteTeamCountry "FRA"]
[BlackTeamCountry "FRA"]

1. e4 c5 2. Na3 Nc6 3. Bb5 d6 4. d3 Bd7 5. c3 Nf6 6. f4 a6 7. Bxc6 Bxc6 8. Nf3
e6 9. Nc2 Be7 10. O-O O-O 11. Ne3 Nd7 12. f5 d5 13. e5 d4 14. cxd4 cxd4 15.
Nxd4 Nxe5 16. Nxc6 Nxc6 17. fxe6 fxe6 18. Rxf8+ Bxf8 19. Qb3 Qd7 20. Nc4 b5 21.
Nd2 Bc5+ 22. Kh1 Rf8 23. Nf3 Ne5 24. Qd1 Nxd3 25. Qe2 Qd5 26. Be3 Qe4 27. Rd1
Nf4 28. Ng5 Qxe3 29. Qxe3 Bxe3 30. Re1 Nxg2 31. Kxg2 Bxg5 32. Rxe6 Rd8 33. Rxa6
Rd2+ 34. Kg3 Rxb2 0-1

[Event "GMI w Condom 2010"]
[Site "Condom"]
[Date "2010.??.??"]
[Round "8.2"]
[White "Benmesbah, Natacha"]
[Black "Bissieres, Mathieu"]
[Result "1/2-1/2"]
[WhiteElo "2165"]
[BlackElo "2344"]
[PlyCount "38"]
[EventDate "2010.07.??"]
[EventType "tourn"]
[EventCountry "FRA"]
[WhiteTeamCountry "FRA"]
[BlackTeamCountry "FRA"]

1. e4 c5 2. Nf3 d6 3. d4 cxd4 4. Nxd4 Nf6 5. Nc3 a6 6. Be3 e5 7. Nf3 Be7 8. Bc4
O-O 9. O-O Nbd7 10. Qe2 b5 11. Bd5 Nxd5 12. Nxd5 f5 13. exf5 Bb7 14. Qd3 Nf6
15. Bb6 Qd7 16. Nxe5 Qe8 17. Nxe7+ Qxe7 18. Nf3 Be4 19. Qb3+ Kh8 1/2-1/2

[Event "GMI w Condom 2010"]
[Site "Condom"]
[Date "2010.??.??"]
[Round "2.5"]
[White "Benmesbah, Natacha"]
[Black "Hamdouchi, Adina-Maria"]
[Result "0-1"]
[WhiteElo "2165"]
[BlackElo "2319"]
[PlyCount "106"]
[EventDate "2010.07.??"]
[EventType "tourn"]
[EventCountry "FRA"]
[WhiteTeamCountry "FRA"]
[BlackTeamCountry "FRA"]

1. e4 g6 2. d4 Bg7 3. Nc3 d6 4. Nf3 Nf6 5. Be2 O-O 6. O-O Bg4 7. Be3 a6 8. a4
Nc6 9. Qd2 Bxf3 10. Bxf3 e5 11. d5 Nb8 12. a5 Nbd7 13. b4 Kh8 14. Be2 Ng8 15.
Ra3 f5 16. exf5 gxf5 17. f4 Qe7 18. Bd3 e4 19. Bc4 Ngf6 20. h3 c5 21. b5 Ne8
22. bxa6 bxa6 23. Rb1 Ra7 24. Rab3 Nc7 25. Na4 Bf6 26. Nb6 Rd8 27. Qe2 Qg7 28.
Nxd7 Qxd7 29. Rb7 Rda8 30. Rb8+ Kg7 31. Rxa8 Rxa8 32. Rb7 Qc8 33. Rb6 Qd7 34.
Kh2 Be7 35. Bd2 Bf6 36. Be3 Be7 37. Rb7 Qc8 38. Rb6 Qd7 39. Kh1 Qa4 40. Bd2
Qxc2 41. Rb7 Rc8 42. Bxa6 Nxd5 43. Bc4 Rc7 44. Bxd5 Rxb7 45. Bxb7 Qb1+ 46. Kh2
Qxb7 47. Bc3+ Bf6 48. a6 Qb3 49. Qb2 Qxc3 50. Qb7+ Kg6 51. a7 Bh4 52. Qb1 Bg3+
53. Kh1 Qa3 0-1

[Event "GMI w Condom 2010"]
[Site "Condom"]
[Date "2010.??.??"]
[Round "6.3"]
[White "Benmesbah, Natacha"]
[Black "Rubio Mejia, Luis Ignacio"]
[Result "1-0"]
[WhiteElo "2165"]
[BlackElo "2354"]
[PlyCount "109"]
[EventDate "2010.07.??"]
[EventType "tourn"]
[EventCountry "FRA"]
[WhiteTeamCountry "FRA"]
[BlackTeamCountry "FRA"]

1. e4 c5 2. Nf3 a6 3. d4 cxd4 4. Nxd4 Nf6 5. Nc3 e5 6. Nf3 Bb4 7. Bc4 Qc7 8.
Qd3 b5 9. Bb3 Bb7 10. O-O d6 11. Nd5 Bxd5 12. Bxd5 Nxd5 13. Qxd5 Nc6 14. c3 Bc5
15. Nxe5 Rc8 16. Nd3 Ne7 17. Qg5 O-O 18. Nxc5 dxc5 19. Bf4 Qb7 20. Bd6 Rfe8 21.
Rad1 Ng6 22. f3 Qb6 23. Rd5 c4+ 24. Kh1 Re6 25. Rfd1 Rce8 26. Qd2 h6 27. Bg3
Nf8 28. Qd4 Qb7 29. Kg1 R6e7 30. Bd6 Re6 31. Bxf8 Rxf8 32. Rd7 Qc6 33. Rd6 Rxd6
34. Qxd6 Qb7 35. e5 Re8 36. Qd4 a5 37. f4 Qc8 38. Qb6 b4 39. Qxa5 bxc3 40. Qxc3
Qc5+ 41. Qd4 Qc6 42. Rc1 Rc8 43. h3 g6 44. Rc3 Qe6 45. b3 cxb3 46. Rxc8+ Qxc8
47. axb3 Qc2 48. Qc4 Qd1+ 49. Kh2 Qe1 50. Qd4 h5 51. Qd8+ Kh7 52. Qf8 h4 53.
Qxf7+ Kh6 54. Qf8+ Kh7 55. Qe7+ 1-0

[Event "GMI w Condom 2010"]
[Site "Condom"]
[Date "2010.??.??"]
[Round "1.1"]
[White "Benmesbah, Natacha"]
[Black "Tournier, Mathieu"]
[Result "1/2-1/2"]
[WhiteElo "2165"]
[BlackElo "2281"]
[PlyCount "49"]
[EventDate "2010.07.??"]
[EventType "tourn"]
[EventCountry "FRA"]
[WhiteTeamCountry "FRA"]
[BlackTeamCountry "FRA"]

1. e4 e5 2. Nf3 Nc6 3. Bc4 Nf6 4. d3 Bc5 5. Nc3 d6 6. Bg5 h6 7. Bxf6 Qxf6 8.
Nd5 Qd8 9. c3 a6 10. d4 exd4 11. cxd4 Ba7 12. h3 O-O 13. O-O b5 14. Bb3 Ne7 15.
Nxe7+ Qxe7 16. Bd5 Rb8 17. Bc6 Bb7 18. Rc1 Bxc6 19. Rxc6 Qxe4 20. Rxc7 Bb6 21.
Qc2 Qd5 22. Rc6 Bc5 23. Rc7 Bb6 24. Rc6 Bc5 25. Rc7 1/2-1/2

[Event "Condom op 10th"]
[Site "Condom"]
[Date "2010.??.??"]
[Round "1.1"]
[White "Berthelot, Nathan"]
[Black "Hamdouchi, Hicham"]
[Result "0-1"]
[WhiteElo "1911"]
[BlackElo "2600"]
[PlyCount "58"]
[EventDate "2010.07.??"]
[EventType "swiss"]
[EventRounds "9"]
[EventCountry "FRA"]
[WhiteTeamCountry "FRA"]
[BlackTeamCountry "FRA"]

1. e4 c5 2. c3 Nf6 3. e5 Nd5 4. d4 cxd4 5. Nf3 Nc6 6. cxd4 d6 7. Bc4 Nb6 8. Bb3
d5 9. Nh4 e6 10. Nf3 Bd7 11. O-O Be7 12. Nc3 Rc8 13. a3 O-O 14. Qd3 f5 15. exf6
Bxf6 16. Re1 a6 17. Bf4 g6 18. Be5 Be7 19. Qe3 Rf7 20. Bf4 Na5 21. Bc2 Nbc4 22.
Qc1 Nc6 23. Bd3 Nxb2 24. Qxb2 Rxf4 25. Ne2 Rxf3 26. gxf3 b5 27. Nf4 Bd6 28.
Nxe6 Qh4 29. Re3 Qxh2+ 0-1

[Event "Condom op 10th"]
[Site "Condom"]
[Date "2010.??.??"]
[Round "9.12"]
[White "Berthelot, Nathan"]
[Black "Ouerk, Yanis"]
[Result "0-1"]
[WhiteElo "1911"]
[BlackElo "2115"]
[PlyCount "76"]
[EventDate "2010.07.??"]
[EventType "swiss"]
[EventRounds "9"]
[EventCountry "FRA"]
[WhiteTeamCountry "FRA"]
[BlackTeamCountry "FRA"]

1. e4 c5 2. c3 Nf6 3. e5 Nd5 4. d4 cxd4 5. Nf3 e6 6. cxd4 d6 7. Bc4 Nc6 8. O-O
Be7 9. Qe2 O-O 10. a3 Bd7 11. Bd3 Rc8 12. Qe4 f5 13. exf6 Nxf6 14. Qh4 d5 15.
Bg5 h6 16. Nbd2 Qe8 17. Bxf6 Bxf6 18. Qg3 Nxd4 19. Nxd4 Bxd4 20. Nf3 Bf6 21.
Rfe1 Bxb2 22. Rab1 Bc3 23. Re2 b6 24. Ne5 Bxe5 25. Qxe5 Qf7 26. Rf1 Qf4 27. Qh5
Rf6 28. Re3 Rc1 29. Rf3 Rxf1+ 30. Kxf1 Qg5 31. Qxg5 hxg5 32. Rg3 Rf4 33. Bc2 g4
34. Ke2 Bb5+ 35. Ke1 Kf7 36. h3 gxh3 37. Rxh3 e5 38. Rh8 Ba4 0-1

[Event "Championnat de Ligue Individuel"]
[Site "Vendin les Bethune"]
[Date "2010.??.??"]
[Round "2.2"]
[White "Bianchi, Guillaume"]
[Black "Franek, Jan"]
[Result "1-0"]
[WhiteElo "2202"]
[BlackElo "1917"]
[PlyCount "113"]
[EventDate "2008.??.??"]
[EventType "swiss"]
[EventRounds "7"]
[EventCountry "FRA"]
[WhiteTeamCountry "FRA"]
[BlackTeamCountry "FRA"]

1. e4 d5 2. exd5 Nf6 3. Bb5+ Bd7 4. Bc4 Bg4 5. f3 Bf5 6. Nc3 c6 7. dxc6 Nxc6 8.
d3 e5 9. Be3 Be7 10. Nge2 O-O 11. O-O Na5 12. Bb3 Kh8 13. Ng3 Nxb3 14. axb3 Be6
15. Kh1 a6 16. Nge4 Nd5 17. Nxd5 Qxd5 18. Qe1 Qc6 19. Qc3 Qxc3 20. bxc3 Rac8
21. c4 f5 22. Nd2 Bg8 23. Kg1 Rc6 24. Ra2 Rg6 25. Nb1 f4 26. Bf2 Be6 27. Kh1
Rf5 28. c3 Rh5 29. Bg1 Rgh6 30. Nd2 Bh4 31. Ne4 Bf5 32. Re2 Bg6 33. Rd1 Bg3 34.
Nxg3 fxg3 35. h3 Bf7 36. Rde1 Rd6 37. d4 exd4 38. Re8+ Bg8 39. Bxd4 Ra5 40.
R8e7 Rg6 41. Rxb7 h5 42. h4 Ra2 43. Rbe7 Rb2 44. R7e5 Kh7 45. Rxh5+ Rh6 46.
Rxh6+ Kxh6 47. c5 Rxb3 48. c6 Bd5 49. c7 Bb7 50. Be5 a5 51. Bxg3 Rxc3 52. Rb1
Bc8 53. Rb8 Bf5 54. Rb5 g6 55. Rxa5 Rc1+ 56. Kh2 Bd3 57. Bf4+ 1-0

[Event "Championnat de Ligue Individuel"]
[Site "Vendin les Bethune"]
[Date "2010.??.??"]
[Round "6.1"]
[White "Bianchi, Guillaume"]
[Black "Renard, Stephane"]
[Result "1-0"]
[WhiteElo "2202"]
[BlackElo "1937"]
[PlyCount "45"]
[EventDate "2008.??.??"]
[EventType "swiss"]
[EventRounds "7"]
[EventCountry "FRA"]
[WhiteTeamCountry "FRA"]
[BlackTeamCountry "FRA"]

1. e4 c5 2. Nf3 Nc6 3. d4 cxd4 4. Nxd4 Nf6 5. Nc3 e5 6. Ndb5 d6 7. Bg5 a6 8.
Na3 b5 9. Nd5 Be7 10. Bxf6 Bxf6 11. c4 Qa5+ 12. Qd2 b4 13. Nc2 Rb8 14. b3 Qc5
15. Be2 a5 16. Rd1 Be7 17. Nxe7 Kxe7 18. Qg5+ Kf8 19. Rd5 Qb6 20. Rxd6 f6 21.
Rxf6+ gxf6 22. Qxf6+ Kg8 23. c5 1-0

[Event "Championnat de Ligue Individuel"]
[Site "Vendin les Bethune"]
[Date "2010.??.??"]
[Round "4.1"]
[White "Bianchi, Guillaume"]
[Black "Roger, Mehdi"]
[Result "1-0"]
[WhiteElo "2202"]
[BlackElo "2177"]
[PlyCount "132"]
[EventDate "2008.??.??"]
[EventType "swiss"]
[EventRounds "7"]
[EventCountry "FRA"]
[WhiteTeamCountry "FRA"]
[BlackTeamCountry "FRA"]

1. e4 e6 2. d4 d5 3. Nd2 Nf6 4. e5 Nfd7 5. Bd3 c5 6. c3 Nc6 7. Ndf3 cxd4 8.
cxd4 f6 9. exf6 Nxf6 10. Ne2 Bd6 11. O-O O-O 12. Bg5 Bd7 13. Bh4 Be8 14. Nc3
Bh5 15. Be2 Qb6 16. Na4 Qc7 17. Bg3 Bxg3 18. hxg3 Ne4 19. Rc1 Qd6 20. Nc3 Nxc3
21. bxc3 Bxf3 22. gxf3 Rf6 23. Kg2 Rh6 24. Rh1 Rxh1 25. Qxh1 Qe7 26. Bd3 g6 27.
Qh3 Rf8 28. f4 Rf6 29. Re1 Qf7 30. Qg4 Ne7 31. Bc2 Nf5 32. Qe2 Ng7 33. Qe5 Qf8
34. Bd1 Rf5 35. Qc7 Rf7 36. Qe5 Rf5 37. Qe3 h5 38. Bc2 Rf6 39. Qe5 b6 40. Bd3
Nf5 41. Rh1 Qf7 42. c4 dxc4 43. Bxc4 Kg7 44. Bb3 Qd7 45. d5 exd5 46. Bxd5 Qd6
47. Rc1 Qxe5 48. fxe5 Rf8 49. Rc7+ Kh6 50. Rxa7 Re8 51. e6 Nd4 52. Rb7 b5 53.
Kf1 Kg5 54. Rd7 Kf6 55. Rb7 Re7 56. Rb6 Ke5 57. Bb3 g5 58. Kg2 g4 59. Rb8 Rh7
60. Rb6 Ke4 61. Rxb5 h4 62. gxh4 Rxh4 63. e7 Rh8 64. Rb7 Nf3 65. Rb4+ Kf5 66.
Ba4 Rc8 1-0

[Event "LUCOPEN 01st Op"]
[Site "Lille"]
[Date "2010.??.??"]
[Round "4.36"]
[White "Billon, Olivier"]
[Black "Wolfangel, Claude"]
[Result "1-0"]
[WhiteElo "2084"]
[BlackElo "1762"]
[PlyCount "37"]
[EventDate "2010.04.??"]
[EventType "swiss"]
[EventRounds "7"]
[EventCountry "FRA"]
[WhiteTeamCountry "FRA"]
[BlackTeamCountry "FRA"]

1. e4 d5 2. exd5 Nf6 3. d4 Nxd5 4. Nf3 g6 5. c4 Nb6 6. Nc3 Bg7 7. c5 Nd5 8. Bc4
c6 9. Qb3 e6 10. O-O O-O 11. Bg5 Bf6 12. Bh6 Bg7 13. Bxg7 Kxg7 14. Ne4 b5 15.
Bxd5 exd5 16. Nd6 Nd7 17. Rfe1 f6 18. Re2 Qc7 19. Re7+ 1-0

[Event "GMI w Condom 2010"]
[Site "Condom"]
[Date "2010.??.??"]
[Round "2.3"]
[White "Bissieres, Mathieu"]
[Black "Fomichenko, Eduard"]
[Result "1/2-1/2"]
[WhiteElo "2344"]
[BlackElo "2458"]
[PlyCount "33"]
[EventDate "2010.07.??"]
[EventType "tourn"]
[EventCountry "FRA"]
[WhiteTeamCountry "FRA"]
[BlackTeamCountry "FRA"]

1. e4 c5 2. Nf3 e6 3. d4 cxd4 4. Nxd4 Nc6 5. Nc3 Qc7 6. g3 a6 7. Bg2 Nf6 8. O-O
Be7 9. Re1 O-O 10. Nxc6 dxc6 11. e5 Rd8 12. Qf3 Nd5 13. h4 Nxc3 14. Qxc3 Bd7
15. Bg5 Be8 16. Bxe7 Qxe7 17. Rad1 1/2-1/2

[Event "GMI w Condom 2010"]
[Site "Condom"]
[Date "2010.??.??"]
[Round "7.5"]
[White "Bissieres, Mathieu"]
[Black "Guichard, Pauline"]
[Result "0-1"]
[WhiteElo "2344"]
[BlackElo "2320"]
[PlyCount "56"]
[EventDate "2010.07.??"]
[EventType "tourn"]
[EventCountry "FRA"]
[WhiteTeamCountry "FRA"]
[BlackTeamCountry "FRA"]

1. e4 c5 2. Nf3 e6 3. b3 a6 4. Bb2 Nc6 5. g3 d5 6. exd5 exd5 7. Qe2+ Qe7 8.
Qxe7+ Ngxe7 9. Bg2 Nb4 10. Na3 Bf5 11. O-O f6 12. d4 Nec6 13. Rfe1+ Kf7 14. Nh4
Be6 15. dxc5 Bxc5 16. Rad1 Rad8 17. c3 Nxa2 18. Nc2 Rhe8 19. Ra1 d4 20. cxd4
Nab4 21. Nxb4 Bxb4 22. Re3 g5 23. Rxe6 Rxe6 24. d5 Re2 25. dxc6 bxc6 26. Rxa6
gxh4 27. Ra7+ Kg6 28. Bxc6 h3 0-1